Les destination de Qatar Airways sur une carte - Statistiques

Statistiques générales
  • Ce quiz a été pris 23 fois
  • Le résultat moyen est 101 sur 137
Réponses sur la Carte
Les réponses sont colorées sur une échelle allant du rouge au vert en fonction du pourcentage des utilisateurs qui les ont devinées à leur premier essai. Vous pouvez retrouver ces pourcentages ci-dessous.
 
Statistiques - réponses
Destination % Correct
Alger
100%
Athènes
100%
Barcelone
100%
Berlin
100%
Bruxelles
100%
Buenos Aires
100%
Dublin
100%
Istanbul
100%
Le Caire
100%
Lisbonne
100%
Londres
100%
Los Angeles
100%
Madrid
100%
Manchester
100%
Miami
100%
Moscou
100%
New-York
100%
Oslo
100%
Paris
100%
Pékin
100%
Rabat
100%
Rome
100%
Seoul
100%
Stockholm
100%
Sydney
100%
Tokyo
100%
Toulouse
100%
Tunis
100%
Varsovie
100%
Vienne
100%
Amsterdam
95%
Ankara
95%
Boston
95%
Bucarest
95%
Budapest
95%
Dubaï
95%
Edimbourg
95%
Genève
95%
Milan
95%
Munich
95%
Naples
95%
Nice
95%
Shanghai
95%
Téhéran
95%
Venise
95%
Bangkok
90%
Copenhague
90%
Delhi
90%
Islamabad
90%
Koweït
90%
Malaga
90%
Montréal
90%
Prague
90%
Riyad
90%
San Francisco
90%
Sofia
90%
Washington
90%
Zurich
90%
Atlanta
86%
Bagdad
86%
Belgrade
86%
Casablanca
86%
Chicago
86%
Le Cap
86%
Manille
86%
Perth
86%
Sao Paulo
86%
Singapour
86%
Tel-aviv
86%
Toronto
86%
Abou Dabi
81%
Bakou
81%
Francfort
81%
Houston
81%
Melbourne
81%
Abidjan
76%
Birmingham
76%
Hong Kong
76%
Jakarta
76%
Mumbai
76%
Tbilissi
76%
Amman
71%
Antalya
71%
Auckland
71%
Beyrouth
71%
Dacca
71%
Dallas
71%
Djibouti
71%
Erevan
71%
Hanoi
71%
Johannesburg
71%
Katmandou
71%
Kuala Lumpur
71%
Lagos
71%
Nairobi
71%
Osaka
71%
Mascate
67%
Addis Abeba
62%
Ho Chi Minh Ville
62%
Colombo
57%
Djeddah
57%
Düsseldorf
57%
Khartoum
57%
Phnom-Penh
57%
Adelaïde
52%
Bengaluru
52%
Karachi
52%
Lahore
52%
Mogadiscio
52%
Bali
48%
Brisbane
48%
Chengdu
48%
Dar Es Salaam
48%
Chennai
43%
Phuket
43%
Pise
43%
Zanzibar
43%
Durban
38%
Guangzhou
38%
Ahmedabad
33%
Hyderabad
33%
Lusaka
33%
Almaty
29%
Bassora
24%
Chittagong
24%
Larnaca
24%
Dammam
19%
Goa
19%
Mahé
19%
Peshawar
19%
Amritsar
14%
Entebbe
14%
Kilimandjaro
14%
Najaf
14%
Kochi
10%
Mashhad
10%
Clark
0%
Aucun quiz correspondant
Distribution des résultats
% des personnes avec chaque résultat
Percentile par nombre de réponses
Votre historique - résultats
Vous n’avez pas pris ce quiz